Catálogo
 En Linea

Suite sweet love : (Registro nro. 35678)

Detalles MARC
000 -CABECERA
campo de control de longitud fija 01553nam a2200289 a 4500
001 - NÚMERO DE CONTROL
campo de control 000036187
005 - FECHA Y HORA DE LA ÚLTIMA TRANSACCIÓN
campo de control 20200930074934.0
008 - DATOS DE LONGITUD FIJA--INFORMACIÓN GENERAL
campo de control de longitud fija 120111s2008 sp a 000 0 spa d
020 ## - NÚMERO INTERNACIONAL ESTÁNDAR DEL LIBRO
Número Internacional Estándar del Libro 9788483470626
040 ## - FUENTE DE LA CATALOGACIÓN
Centro catalogador/agencia de origen DO-SdBNP
Lengua de catalogación spa
Centro/agencia transcriptor BNPHU
110 2# - ENTRADA PRINCIPAL--NOMBRE DE ENTIDAD CORPORATIVA
Nombre de entidad corporativa o nombre de jurisdicción como elemento de entrada k.b.zonas
9 (RLIN) 62229
245 10 - MENCIÓN DE TÍTULO
Título Suite sweet love :
Resto del título nacimiento del surromanticismo /
Mención de responsabilidad, etc. textos: k.b.zonas, María Escribano, Fernando Castro ; fotografía: archivo k.b.zonas, Félix Lorrio, Manuel Zambrana.
260 ## - PUBLICACIÓN, DISTRIBUCIÓN, ETC.
Lugar de publicación, distribución, etc. [Madrid] :
Nombre del editor, distribuidor, etc. Agencia Española de Cooperación Internacional para el Desarrollo,
Fecha de publicación, distribución, etc. 2008.
300 ## - DESCRIPCIÓN FÍSICA
Extensión 107 p. :
Otras características físicas il. a color ;
Dimensiones 15 cm.
520 ## - SUMARIO, ETC.
Sumario, etc. Proyecto colectivo artístico que integra la fotografía, el vídeo, la escultura y las instalaciones y que pretende, de un modo valiente, fomentar el diálogo intercultural y social y afrontar la importancia de la igualdad en la educación sentimental de hombres y mujeres con el fin de evitar situaciones de confrontación y maltrato.
585 ## - NOTA DE EXPOSICIONES
Nota de exposiciones Exposición itinerante presentada en los países que tienen representación española en el exterior.
650 24 - PUNTO DE ACCESO ADICIONAL DE MATERIA--TÉRMINO DE MATERIA
Término de materia o nombre geográfico como elemento de entrada Arte contemporáneo
Subdivisión de forma EXPOSICIONES
9 (RLIN) 62230
650 24 - PUNTO DE ACCESO ADICIONAL DE MATERIA--TÉRMINO DE MATERIA
Término de materia o nombre geográfico como elemento de entrada Arte y feminismo
Subdivisión de forma EXPOSICIONES
9 (RLIN) 62231
650 24 - PUNTO DE ACCESO ADICIONAL DE MATERIA--TÉRMINO DE MATERIA
Término de materia o nombre geográfico como elemento de entrada Arte y género
Subdivisión de forma EXPOSICIONES
9 (RLIN) 62232
650 24 - PUNTO DE ACCESO ADICIONAL DE MATERIA--TÉRMINO DE MATERIA
Término de materia o nombre geográfico como elemento de entrada Instalaciones (arte)
Subdivisión de forma EXPOSICIONES
9 (RLIN) 62233
700 1# - PUNTO DE ACCESO ADICIONAL--NOMBRE DE PERSONA
Nombre de persona Lazaga, Noni
9 (RLIN) 62234
700 1# - PUNTO DE ACCESO ADICIONAL--NOMBRE DE PERSONA
Nombre de persona Franco, Belén
9 (RLIN) 62235
700 1# - PUNTO DE ACCESO ADICIONAL--NOMBRE DE PERSONA
Nombre de persona Escribano, María
Término indicativo de función/relación text.
9 (RLIN) 62236
700 1# - PUNTO DE ACCESO ADICIONAL--NOMBRE DE PERSONA
Nombre de persona Castro, Fernando,
Término indicativo de función/relación text.
9 (RLIN) 47664
700 1# - PUNTO DE ACCESO ADICIONAL--NOMBRE DE PERSONA
Nombre de persona Lorrio, Félix,
Término indicativo de función/relación fot.
9 (RLIN) 62237
700 1# - PUNTO DE ACCESO ADICIONAL--NOMBRE DE PERSONA
Nombre de persona Zambrana, Manuel,
Término indicativo de función/relación fot.
9 (RLIN) 62238
Existencias
Estado de retiro Estado de pérdida Restricciones de uso No para préstamo Código de colección Localización permanente Ubicación/localización actual Ubicación en estantería Fecha de adquisición Número de inventario Total de préstamos Signatura topográfica completa Código de barras Fecha visto por última vez Precio válido a partir de Tipo de ítem Koha Número de copia
      Excluido de préstamo Monografías: Libros y Folletos General General En catalogación 11.01.2012 LF1   36187-10 25.06.2020 25.06.2020 No se presta  
      Excluido de préstamo Monografías: Libros y Folletos General General En catalogación 11.01.2012 LF1   36187-20 25.06.2020 25.06.2020 No se presta e.2
      Excluido de préstamo Monografías: Libros y Folletos General General En catalogación 11.01.2012 LF1   36187-30 25.06.2020 25.06.2020 No se presta e.3

Con tecnología Koha